000 00311nam a2200121Ia 4500
008 220204s9999 xx 000 0 und d
082 _a616.89
_bITI
245 0 _aPsychotropic action of hormones
260 _aNew York
_bSpectrum
_c1976
650 _aPsychotropic hormone
700 _aItil, Turan M
942 _cBK
999 _c24984
_d24984